[Event "EuTCh w"]
[Site "Plovdiv BUL"]
[Date "2003.10.17"]
[Round "6"]
[White "Micic,J"]
[Black "Llaneza Vega,P"]
[Result "1-0"]
[WhiteElo "2319"]
[BlackElo "2190"]
[EventDate "2003.10.10"]

1. e4 c5 2. Nf3 Nc6 3. d4 cxd4 4. Nxd4 Nf6 5. Nc3 e5 6. Ndb5 d6 7. Bg5 a6
8. Na3 b5 9. Bxf6 gxf6 10. Nd5 f5 11. Bd3 Be6 12. c3 Bxd5 13. exd5 Ne7 14.
O-O Bg7 15. Qh5 e4 16. Bc2 O-O 17. Rae1 Qc8 18. Bb3 Rb8 19. Nc2 b4 20. Nxb4
a5 21. Nc6 Nxc6 22. dxc6 a4 23. Bd5 Rxb2 24. Re3 Rd2 25. Rg3 f4 26. Rh3 h6
27. Bxe4 f5 28. Bf3 d5 29. g3 Qxc6 30. gxf4 Qc4 31. Rg3 Qxf4 32. Re1 Qd6
33. Rg6 Rf6 34. Re8+ Kh7 35. Rg3 Qc5 36. Be2 Rxa2 37. Qf3 Rf8 38. Re6 Rf7
39. Qh5 Ra1+ 40. Kg2 Qf8 41. Bb5 a3 42. Re8 1-0

[Event "EuTCh w"]
[Site "Plovdiv BUL"]
[Date "2003.10.17"]
[Round "6"]
[White "Rantanen,T"]
[Black "Jiretorn,E"]
[Result "0-1"]
[WhiteElo "2165"]
[BlackElo "2136"]
[EventDate "2003.10.10"]

1. e4 c5 2. Nf3 d6 3. c3 Nf6 4. Bd3 g6 5. O-O Bg7 6. Bc2 O-O 7. d4 Qc7 8.
h3 Nbd7 9. Be3 e5 10. dxe5 dxe5 11. a4 b6 12. Qe2 Bb7 13. Qc4 a6 14. Na3
Qc6 15. Rad1 Rad8 16. Bg5 h6 17. Bxf6 Qxf6 18. Qb3 Rfe8 19. Nc4 Bf8 20. Rd2
b5 21. axb5 axb5 22. Qxb5 Bc6 23. Qb3 Ra8 24. Na3 Reb8 25. Qc4 Rxb2 26. Ra1
Nb6 27. Qf1 c4 28. Qc1 Bxa3 29. Rxa3 Rxa3 30. Qxb2 Ra6 31. Qb4 Ra1+ 32. Bd1
Ba4 33. Nxe5 Qxe5 34. Qxb6 Rxd1+ 35. Rxd1 Bxd1 36. Qd8+ Kg7 37. Qxd1 Qxc3
38. Kf1 Kf6 39. Ke2 g5 40. Qd6+ Kg7 41. e5 Qc2+ 42. Ke3 Qc1+ 43. Qd2 Qa3+
44. Kd4 Qb3 45. Qc3 Qb6+ 46. Kxc4 Qxf2 47. e6+ f6 48. Qd4 Qa2+ 49. Kd3 Qxe6
50. Qa7+ Kg6 51. Qb7 f5 52. Kd4 h5 53. Qa8 h4 54. Kd3 g4 55. Kd4 Kg5 56.
Qb7 Qd6+ 57. Ke3 Qe5+ 58. Kd3 Kf4 59. hxg4 Qe4+ 60. Qxe4+ fxe4+ 61. Kd4
Kxg4 0-1

[Event "EuTCh w"]
[Site "Plovdiv BUL"]
[Date "2003.10.17"]
[Round "6"]
[White "Velcheva,M"]
[Black "Ciuksyte,D"]
[Result "0-1"]
[WhiteElo "2295"]
[BlackElo "2295"]
[EventDate "2003.10.10"]

1. e4 c5 2. Nf3 e6 3. d4 cxd4 4. Nxd4 a6 5. c4 Nf6 6. Nc3 Qc7 7. Be3 b6 8.
Be2 Bb7 9. f3 Bc5 10. O-O O-O 11. Kh1 Re8 12. a3 d5 13. exd5 exd5 14. Qd2
Rxe3 15. Qxe3 Nc6 16. Rad1 Re8 17. Nxd5 Rxe3 18. Nxc7 Bxd4 19. Rd2 Bc5 20.
Nd5 Re6 21. b4 Bf8 22. Rc1 g6 23. b5 axb5 24. Nxf6+ Rxf6 25. cxb5 Na5 26.
Rc3 Re6 27. Kg1 Re5 28. Kf1 Bc5 29. Rd7 Kg7 30. a4 Rh5 31. h3 Rh4 32. Bd1
Rb4 33. Ke2 Bc8 34. Ra7 Rb2+ 35. Rc2 Rxc2+ 36. Bxc2 Bb7 37. Be4 Bxe4 38.
fxe4 Kf6 39. Kd3 Ke6 40. g4 h5 41. gxh5 gxh5 42. Ra8 h4 43. Rh8 Bf2 44. Ke2
Bg3 45. Kd3 Nb3 46. Ra8 Bf2 47. Ke2 Bd4 48. Kd3 Be5 49. Kc4 Na5+ 50. Kd3
Nb7 51. Kc4 Na5+ 52. Kd3 Bd6 53. Rh8 Be7 54. Rb8 Bc5 55. Rh8 Bf2 56. Ke2
Bg3 57. Kd3 Nb7 58. Ra8 Nc5+ 59. Ke3 Bh2 60. Kf3 Bg1 61. a5 bxa5 62. Rxa5
Nd7 63. Ra6+ Nb6 64. Kg4 Bf2 65. Kf3 Bd4 66. Kg4 Ke5 67. Kxh4 Kxe4 68. Ra7
f5 69. Rf7 Nd5 70. Kh5 f4 71. Kg4 Nf6+ 0-1

[Event "EuTCh w"]
[Site "Plovdiv BUL"]
[Date "2003.10.17"]
[Round "6"]
[White "Kaps,D"]
[Black "Costantini,L"]
[Result "1-0"]
[WhiteElo "2202"]
[BlackElo "2075"]
[EventDate "2003.10.10"]

1. e4 c5 2. Nf3 d6 3. d4 cxd4 4. Nxd4 Nf6 5. Nc3 a6 6. Bd3 e5 7. Nde2 Be6
8. O-O Nbd7 9. Ng3 Be7 10. Kh1 Rc8 11. a4 O-O 12. h3 g6 13. Bh6 Re8 14. f4
exf4 15. Rxf4 Ne5 16. Qf1 Nfd7 17. Nf5 Bxf5 18. exf5 Bg5 19. Bxg5 Qxg5 20.
Be4 Rc4 21. fxg6 hxg6 22. Rf2 Rc7 23. Bd5 Nf8 24. Ne4 Qd8 25. Nf6+ Kg7 26.
Nxe8+ Qxe8 27. Re1 Ne6 28. b3 Qc8 29. c4 Qe8 30. a5 Re7 31. b4 Nd8 32. Rfe2
Qa4 33. Rb1 f5 34. Qf2 Qa3 35. Qb6 Rd7 36. Qd4 Qg3 37. b5 Kh6 38. Rf1 Qa3
39. Qf4+ Kh7 40. Rxe5 dxe5 41. Qxe5 Qd6 42. Qxd6 Rxd6 43. b6 Nc6 44. Bxc6
Rxc6 45. Rd1 Rxc4 46. Rd7+ Kh6 47. Rxb7 Rc5 48. Rb8 Kg5 49. Ra8 Kf4 50. Kh2
1-0

[Event "EuTCh w"]
[Site "Plovdiv BUL"]
[Date "2003.10.17"]
[Round "6"]
[White "Klinova,M"]
[Black "Petrenko,S"]
[Result "1/2-1/2"]
[WhiteElo "2378"]
[BlackElo "2331"]
[EventDate "2003.10.10"]

1. e4 c5 2. Nf3 d6 3. Bb5+ Nd7 4. c3 Ngf6 5. Qe2 a6 6. Ba4 b5 7. Bc2 Bb7 8.
O-O e5 9. d4 Be7 10. a4 O-O 11. Re1 Rb8 12. Nbd2 Qc7 13. d5 c4 14. Nf1 Nc5
15. axb5 axb5 16. Ng3 g6 17. h3 Ra8 18. Bh6 Rxa1 19. Rxa1 Ra8 20. Qd1 Qc8
21. Nd2 Rxa1 22. Qxa1 Qa8 23. Qxa8+ Bxa8 24. Be3 Nfd7 25. Nb1 Bb7 26. Ne2
f5 27. exf5 gxf5 28. Bxf5 Bxd5 29. f4 Be6 30. Bxe6+ Nxe6 31. Nd2 exf4 32.
Nxf4 Nxf4 33. Bxf4 Nc5 34. Nb1 Nd3 35. Bd2 d5 36. Na3 b4 37. cxb4 Nxb2 38.
Nc2 Nd3 39. Kf1 Kf7 40. Ke2 Ke6 41. b5 Bc5 42. Be3 Ke5 43. b6 Bxe3 44. Kxe3
Nc5 45. g4 Kd6 46. h4 Nd7 47. b7 Kc7 48. Kd4 Kxb7 49. Kxd5 Nf6+ 50. Kxc4
Nxg4 51. Kd5 Kc7 1/2-1/2

[Event "EuTCh w"]
[Site "Plovdiv BUL"]
[Date "2003.10.17"]
[Round "6"]
[White "Machalova,M"]
[Black "Mira,H"]
[Result "0-1"]
[WhiteElo "2187"]
[BlackElo "2098"]
[EventDate "2003.10.10"]

1. c4 c5 2. Nc3 Nf6 3. g3 d5 4. cxd5 Nxd5 5. Bg2 Nc7 6. Nf3 Nc6 7. O-O e5
8. d3 Be7 9. a4 O-O 10. Nd2 f6 11. Nc4 Kh8 12. b3 Be6 13. Ba3 Qd7 14. Re1
Rfe8 15. Rc1 Rad8 16. Qc2 b6 17. Ne4 Nd5 18. Rcd1 Bg4 19. Bb2 Bf8 20. Ne3
Ndb4 21. Qb1 Be6 22. Nc4 Qc7 23. Rf1 Nd5 24. h3 Nd4 25. Rde1 Qf7 26. Bc1
Qh5 27. g4 Qh4 28. Nxe5 Bg8 29. Nc4 h5 30. e3 Ne6 31. gxh5 Qxh5 32. Ng3 Qh4
33. Nf5 Qh7 34. e4 Ndf4 35. Bxf4 Nxf4 36. Re3 Be6 37. Rfe1 g6 38. Rf3 Nxg2
39. Kxg2 gxf5 40. Qb2 fxe4 41. dxe4 Bg7 42. Qe2 Rd4 43. Rg3 Bxc4 44. bxc4
Rdxe4 45. Re3 Rxe3 46. fxe3 Qe4+ 47. Kh2 Re5 48. Qd1 Rg5 49. Qd2 0-1

[Event "EuTCh w"]
[Site "Plovdiv BUL"]
[Date "2003.10.17"]
[Round "6"]
[White "Gara,A"]
[Black "Milliet,S"]
[Result "1/2-1/2"]
[WhiteElo "2356"]
[BlackElo "2326"]
[EventDate "2003.10.10"]

1. e4 e5 2. Nf3 Nc6 3. Bb5 Nf6 4. Qe2 Bc5 5. d3 d6 6. h3 h6 7. O-O O-O 8.
c3 a6 9. Ba4 b5 10. Bb3 Re8 11. Be3 Bb7 12. a3 1/2-1/2

[Event "EuTCh w"]
[Site "Plovdiv BUL"]
[Date "2003.10.17"]
[Round "6"]
[White "Bosboom Lanchava,T"]
[Black "Houska,Jo"]
[Result "0-1"]
[WhiteElo "2315"]
[BlackElo "2358"]
[EventDate "2003.10.10"]

1. d4 d5 2. Nf3 Nf6 3. c4 c6 4. Nc3 a6 5. a4 e6 6. Bg5 Nbd7 7. a5 Be7 8.
Bxf6 Bxf6 9. e4 dxe4 10. Nxe4 O-O 11. c5 e5 12. d5 cxd5 13. Qxd5 Be7 14. b4
Nf6 15. Nxf6+ Bxf6 16. Qe4 g6 17. g4 Bd7 18. Rd1 Qc8 19. h3 Bc6 20. Qe3 Rd8
21. Rxd8+ Qxd8 22. Rg1 e4 23. Nd2 Bd4 24. Qg3 e3 25. fxe3 Bc3 26. Qf2 Qd7
27. Bc4 Rd8 0-1

[Event "EuTCh w"]
[Site "Plovdiv BUL"]
[Date "2003.10.17"]
[Round "6"]
[White "Calzetta,M"]
[Black "Paehtz,E"]
[Result "1-0"]
[WhiteElo "2274"]
[BlackElo "2419"]
[EventDate "2003.10.10"]

1. e4 c5 2. Nc3 d6 3. f4 a6 4. a4 b6 5. Nf3 Bb7 6. Bc4 e6 7. O-O d5 8. Ba2
dxe4 9. Ng5 Qd4+ 10. Kh1 h6 11. Nxf7 Kxf7 12. f5 Nf6 13. fxe6+ Kg6 14. Ne2
Qe5 15. d4 exd3 16. cxd3 Kh7 17. Bf4 Qh5 18. Qc2 Be7 19. Rae1 Rf8 20. Bg3
Kg8 21. Nf4 Qe8 22. d4 Nc6 23. Bb1 Nxd4 24. Qd3 a5 25. Nd5 Nxe6 26. Nxf6+
Rxf6 27. Qh7+ Kf8 28. Rxf6+ Bxf6 29. Bd6+ Be7 30. Rf1+ 1-0

[Event "EuTCh w"]
[Site "Plovdiv BUL"]
[Date "2003.10.17"]
[Round "6"]
[White "Turauskiene,R"]
[Black "Georgieva,Li"]
[Result "1/2-1/2"]
[WhiteElo "2218"]
[BlackElo "2252"]
[EventDate "2003.10.10"]

1. d4 Nf6 2. c4 e6 3. g3 d5 4. Bg2 c6 5. Nf3 Be7 6. O-O O-O 7. Nbd2 b6 8.
Qc2 Bb7 9. e4 Nbd7 10. e5 Ne8 11. b3 Nc7 12. Bb2 Rc8 13. Rac1 c5 14. Rfd1
cxd4 15. Nxd4 Nxe5 16. Nxe6 fxe6 17. Bxe5 Qe8 18. f4 Na6 19. Qb1 Qh5 20.
Nf1 Nc5 21. cxd5 Bxd5 22. Bxd5 exd5 23. Ne3 Ne4 24. Nxd5 Bc5+ 25. Bd4 Qxd5
26. Bxc5 Nd2 27. Be3 Nf3+ 28. Kf2 Qb7 29. Rxc8 Rxc8 30. Qf5 Nxh2 31. Qh5
Rc2+ 32. Rd2 Rxd2+ 33. Bxd2 Qd7 34. Bc3 Ng4+ 35. Kg2 Ne3+ 36. Kg1 Ng4 37.
Kg2 g6 38. Qg5 Qc6+ 39. Kg1 Ne3 40. Qd8+ Kf7 41. Qd2 Nf5 42. Kh2 h5 1/2-1/2

[Event "EuTCh w"]
[Site "Plovdiv BUL"]
[Date "2003.10.17"]
[Round "6"]
[White "Agababean,N"]
[Black "Botvinnik,Ir"]
[Result "1-0"]
[WhiteElo "2252"]
[BlackElo "2249"]
[EventDate "2003.10.10"]

1. e4 c5 2. Nf3 Nc6 3. d4 cxd4 4. Nxd4 Qb6 5. Nb3 Nf6 6. Nc3 e6 7. Bd3 a6
8. Be3 Qc7 9. f4 d6 10. O-O Be7 11. Qf3 Rb8 12. Rae1 b5 13. Kh1 b4 14. Nd1
e5 15. f5 Bb7 16. Bg1 a5 17. Qg3 Kf8 18. Be3 h6 19. Nd2 d5 20. exd5 Nxd5
21. Ne4 Nxe3 22. Nxe3 Nd4 23. Ng4 f6 24. c3 bxc3 25. bxc3 Nc6 26. Ne3 Nd8
27. c4 Bb4 28. Re2 Nf7 29. Qg6 Bxe4 30. Bxe4 Ng5 31. Bd5 h5 32. h4 Rh6 33.
hxg5 Rxg6 34. fxg6 Be7 35. Nf5 Rb6 36. Re4 Qb8 37. Rf3 fxg5 38. Nxe7+ Kxe7
39. Rf5 Rxg6 40. Rexe5+ Kd6 41. c5+ Kxc5 42. Bf7+ Kd6 43. Rd5+ Ke7 44. Bxg6
Qb1+ 45. Kh2 Qxa2 46. Bxh5 Qc4 47. Rde5+ Kd6 48. Rxg5 Qh4+ 49. Kg1 Qd4+ 50.
Kf1 Qa1+ 51. Kf2 Qd4+ 52. Kg3 Qc3+ 53. Bf3 a4 54. Rd5+ Ke6 55. Rde5+ Kf6
56. Rc5 Qb3 57. Rb5 Qe3 58. Rgc5 Qe1+ 59. Kg4 g6 60. Rc6+ Kg7 61. Rb7+ Kh6
62. Rbb6 a3 63. Rxg6+ Kh7 64. Rge6 1-0

[Event "EuTCh w"]
[Site "Plovdiv BUL"]
[Date "2003.10.17"]
[Round "6"]
[White "Agrest,S"]
[Black "Koskela,N"]
[Result "0-1"]
[WhiteElo "2245"]
[BlackElo "2280"]
[EventDate "2003.10.10"]

1. e4 e5 2. Nf3 Nc6 3. d4 exd4 4. Bc4 Bc5 5. O-O Nf6 6. e5 d5 7. exf6 dxc4
8. Re1+ Be6 9. Ng5 Qd5 10. fxg7 Rg8 11. Nc3 Qf5 12. Nce4 Be7 13. g4 Qb5 14.
Nxh7 Rxg7 15. Nhf6+ Bxf6 16. Nxf6+ Ke7 17. g5 Rxg5+ 18. Bxg5 Qxg5+ 19. Ng4
Kd7 20. f3 f5 21. Qe2 Bd5 22. Qg2 fxg4 23. Qxg4+ Qxg4+ 24. fxg4 Kd6 25. h3
Ne5 26. Kf2 Rf8+ 27. Kg3 Rf3+ 28. Kh4 Rf2 29. Rf1 Rxc2 30. Kg5 d3 31. h4
Rg2 32. Rf4 Be6 33. h5 Nxg4 34. h6 Nxh6+ 35. Kxh6 Rxb2 36. a4 Bd5 37. Rd1
Kc5 38. Kg5 Re2 39. Rh4 d2 40. Rh3 Kd4 0-1

[Event "EuTCh w"]
[Site "Plovdiv BUL"]
[Date "2003.10.17"]
[Round "6"]
[White "Sedina,E"]
[Black "Krivec,J"]
[Result "1-0"]
[WhiteElo "2394"]
[BlackElo "2313"]
[EventDate "2003.10.10"]

1. e4 e5 2. Nf3 Nc6 3. Nc3 Nf6 4. g3 Bc5 5. Bg2 d6 6. d3 a6 7. O-O Be6 8.
Be3 Bxe3 9. fxe3 Ne7 10. Nh4 c6 11. Nf5 Bxf5 12. exf5 d5 13. Qe1 Qd6 14. a4
h5 15. h3 d4 16. Ne4 Nxe4 17. Bxe4 O-O-O 18. b4 Nd5 19. Bxd5 Qxd5 20. e4
Qd7 21. b5 cxb5 22. axb5 Qxb5 23. Ra5 Qe8 24. Rc5+ Kb8 25. Qa5 f6 26. Rb1
Ka8 27. Rxb7 Rd6 28. Qc7 1-0

[Event "EuTCh w"]
[Site "Plovdiv BUL"]
[Date "2003.10.17"]
[Round "6"]
[White "Mamedjarova,T"]
[Black "Seps,M"]
[Result "1/2-1/2"]
[WhiteElo "2227"]
[BlackElo "2068"]
[EventDate "2003.10.10"]

1. d4 d5 2. Nf3 Nf6 3. Bf4 c6 4. c3 Bf5 5. e3 e6 6. Ne5 Qb6 7. Qc1 Be7 8.
Be2 O-O 9. O-O c5 10. Nd2 cxd4 11. exd4 Nc6 12. Nxc6 bxc6 13. Nf3 c5 14.
Bg5 h6 15. dxc5 Qxc5 16. Be3 Qc7 17. Nd4 Bh7 18. f4 Rfc8 19. Rf3 Bc5 20.
Kh1 Qb6 21. a4 Rab8 22. b3 Ne4 23. a5 Qd8 24. Qb2 Nd6 25. Rh3 Nf5 26. Nxf5
Bxf5 27. Rg3 Bxe3 28. Rxe3 Qf6 29. Rf1 d4 30. cxd4 Rc2 31. Qa1 Rxe2 32.
Rxe2 Bd3 33. Re5 Bxf1 34. Qxf1 Rxb3 35. h3 Qd8 36. Qc4 Qb8 37. d5 exd5 38.
Qc6 Kh7 39. Qxd5 Qb7 40. Qc4 Rxh3+ 41. Kg1 Qb1+ 42. Kf2 Rh1 43. Qe4+ Qxe4
44. Rxe4 Rh5 45. Ra4 Rb5 46. a6 Rb6 47. Ra5 Kg6 48. g4 Kf6 49. Ke3 Rb3+ 50.
Ke4 Rg3 51. Rc5 Rxg4 52. Rc6+ Ke7 53. Rc7+ Ke6 54. Kf3 Rg1 55. Rxa7 Ra1 56.
Ra8 Kf6 57. a7 Ra4 58. Kg4 Ra5 59. Kf3 g5 60. Rh8 Rxa7 61. Rxh6+ Kg7 62.
fxg5 1/2-1/2

[Event "EuTCh w"]
[Site "Plovdiv BUL"]
[Date "2003.10.17"]
[Round "6"]
[White "Macek,V"]
[Black "Motoc,A"]
[Result "0-1"]
[WhiteElo "2216"]
[BlackElo "2363"]
[EventDate "2003.10.10"]

1. d4 Nf6 2. Nf3 g6 3. g3 Bg7 4. Bg2 O-O 5. O-O d6 6. c4 Nbd7 7. Qc2 e5 8.
Rd1 exd4 9. Nxd4 Re8 10. Nc3 a5 11. e4 Nc5 12. Nb3 Nxb3 13. axb3 Bd7 14.
Bf4 Qc8 15. Re1 Nh5 16. Be3 Bh3 17. Bh1 Nf6 18. Rad1 h5 19. Bd4 h4 20. Nd5
Nxd5 21. cxd5 hxg3 22. hxg3 Bxd4 23. Rxd4 Qd7 24. Rc4 Rac8 25. Rc1 Re7 26.
Qc3 b6 27. Qf6 Ree8 28. Bf3 Re5 29. Kh2 Bg4 30. Bg2 Rh5+ 31. Kg1 Bh3 32.
Bf3 Bg4 33. Bg2 Bh3 34. Bh1 Bf1 35. Kxf1 Rxh1+ 36. Ke2 Rh5 37. f3 Rh2+ 38.
Ke3 Qd8 39. Qxd8+ Rxd8 40. R1c2 Rxc2 41. Rxc2 Rd7 42. Kd4 f5 43. e5 dxe5+
44. Kxe5 Kf7 45. Rc6 Re7+ 46. Re6 Rxe6+ 47. dxe6+ Ke7 48. Kd5 b5 49. Kc5
Kxe6 50. Kxb5 f4 51. g4 Kd5 52. Kxa5 Kd4 53. b4 Ke3 54. Kb5 Kxf3 55. Kc6
Kxg4 56. Kxc7 f3 57. b5 f2 58. b6 f1=Q 59. b7 Qc1+ 0-1

[Event "EuTCh w"]
[Site "Plovdiv BUL"]
[Date "2003.10.17"]
[Round "6"]
[White "Lematschko,T"]
[Black "Mamedjarova,Z"]
[Result "0-1"]
[WhiteElo "2292"]
[BlackElo "2345"]
[EventDate "2003.10.10"]

1. d4 Nf6 2. Nc3 d5 3. Bg5 e6 4. e4 dxe4 5. Nxe4 Nbd7 6. Bd3 Be7 7. Nxf6+
Nxf6 8. c3 Nd5 9. Bd2 O-O 10. Nf3 b6 11. Qe2 Bb7 12. Qe4 g6 13. Bh6 Re8 14.
Bb5 Nxc3 15. Qxb7 Nxb5 16. O-O Nxd4 17. Nxd4 Qxd4 18. Qxc7 Bd6 19. Qc1 Qh4
20. g3 Qh3 21. Bf4 Rac8 22. Qd2 Bxf4 23. Qxf4 Rc5 24. Qf3 Rh5 25. Qg2 Qxg2+
26. Kxg2 Rc8 27. a4 Rc2 28. b4 Rf5 29. b5 Kf8 30. Ra3 Ke7 31. h3 h5 32. Rd3
Rd5 33. Ra3 Kd6 34. g4 hxg4 35. hxg4 Rd4 36. g5 Rg4+ 37. Rg3 Rxa4 38. Rd3+
Ke7 39. Kg3 Rc5 40. f4 Rxb5 41. Rfd1 Rd5 42. Rxd5 exd5 43. Rxd5 Rc4 44. Kf3
a5 45. Rb5 Rb4 46. Re5+ Kd6 47. Re8 a4 48. Ra8 b5 49. Ke3 Rc4 50. Ra6+ Kc5
51. Ra7 Kb4 52. Rxf7 a3 53. f5 a2 54. Ra7 Rc3+ 0-1

[Event "EuTCh w"]
[Site "Plovdiv BUL"]
[Date "2003.10.17"]
[Round "6"]
[White "Danielian,E"]
[Black "Galliamova,A"]
[Result "1/2-1/2"]
[WhiteElo "2400"]
[BlackElo "2502"]
[EventDate "2003.10.10"]

1. d4 d5 2. c4 e6 3. Nf3 Nf6 4. e3 b6 5. Nc3 Bb7 6. Bd3 Nbd7 7. O-O a6 8.
b3 Bb4 9. Bb2 Ne4 10. Na4 Bd6 11. Rc1 O-O 12. Qe2 Qe7 13. Rfd1 f5 14. Ne5
dxc4 15. Nxc4 Bxh2+ 16. Kxh2 Qh4+ 17. Kg1 Rf6 18. Bxe4 Rh6 19. f3 fxe4 20.
f4 Rf8 21. Qe1 Qh2+ 22. Kf2 Rh3 23. Ke2 Rg3 24. Rd2 Qh5+ 25. Kf2 Qh4 26.
Ke2 b5 27. Kd1 bxc4 28. Rxc4 Rc8 29. Nc5 Nxc5 30. dxc5 Bd5 31. Ra4 Qh5+ 32.
Qe2 Qh1+ 33. Kc2 Bb7 34. Be5 Qg1 35. Bd4 Rf8 36. Kb2 h6 37. Rc4 Qh2 38. c6
Bc8 39. Be5 Qg1 40. Rxe4 Rg6 41. Rc4 Qh1 42. Rc1 Qh4 43. Rcd1 Qe7 44. Qc4
Rg3 45. Qc3 a5 46. Bd4 Rf5 47. a4 e5 48. Bxe5 Be6 49. Qc2 Rf8 50. Rd3 Rb8
51. f5 Bxb3 52. Rxb3 Qxe5+ 53. Ka2 Rxb3 54. Rd8+ Kh7 55. f6+ Rg6 56. f7
Ra3+ 57. Kxa3 Qe7+ 58. Ka2 Qxd8 59. Qf5 Qd2+ 60. Kb1 Qd1+ 61. Kb2 Qd2+ 62.
Kb1 Qd1+ 63. Kb2 1/2-1/2

[Event "EuTCh w"]
[Site "Plovdiv BUL"]
[Date "2003.10.17"]
[Round "6"]
[White "Socko,M"]
[Black "Voiska,M"]
[Result "1/2-1/2"]
[WhiteElo "2395"]
[BlackElo "2368"]
[EventDate "2003.10.10"]

1. d4 d5 2. c4 c6 3. cxd5 cxd5 4. Nc3 Nf6 5. Bf4 Nc6 6. e3 a6 7. Bd3 Bg4 8.
f3 Bh5 9. Nge2 e6 10. Rc1 Be7 11. O-O Bg6 12. a3 O-O 13. Na4 Nd7 14. Bxg6
hxg6 15. b4 Rc8 16. Qd3 Re8 17. Rfd1 b5 18. Nc5 Nb6 19. Rc3 Nc4 20. Rb3 a5
21. Bg3 axb4 22. axb4 Qb6 23. Bf2 Ra8 24. Nc3 Red8 25. Qe2 Bf6 26. f4 Ra7
27. g4 Rda8 28. f5 gxf5 29. gxf5 Ne7 30. fxe6 fxe6 31. Qg4 Nf5 32. Nxd5
exd5 33. Qxf5 Qc6 34. e4 Ra1 35. Rxa1 Rxa1+ 36. Kg2 Ra2 37. exd5 Qe8 38.
Qe6+ Qxe6 39. Nxe6 Bh4 40. Rf3 Nd6 41. Kg1 Ra1+ 42. Kg2 Ra2 43. Kg1 Ra1+
44. Kg2 Ra2 45. Kg1 Ra1+ 1/2-1/2

[Event "EuTCh w"]
[Site "Plovdiv BUL"]
[Date "2003.10.17"]
[Round "6"]
[White "Makropoulou,M"]
[Black "Gaponenko,I"]
[Result "0-1"]
[WhiteElo "2240"]
[BlackElo "2409"]
[EventDate "2003.10.10"]

1. e4 c5 2. Nf3 d6 3. c3 Nf6 4. Be2 g6 5. O-O Bg7 6. Bb5+ Nbd7 7. Re1 O-O
8. d4 a6 9. Bf1 e5 10. dxe5 dxe5 11. a4 b6 12. Bg5 Qc7 13. Na3 Bb7 14. Nd2
h6 15. Bh4 Rfe8 16. f3 Nf8 17. Ndc4 Bc6 18. Ne3 Ne6 19. Qb3 Nf4 20. Rad1
Reb8 21. g3 N4h5 22. g4 Nf4 23. Qc4 Bd7 24. Bxf6 Bxf6 25. Nd5 Nxd5 26. exd5
b5 27. axb5 axb5 28. Qe4 c4 29. Kh1 Bg7 30. Bg2 Qd6 31. h4 Qf6 32. h5 Qh4+
33. Kg1 gxh5 34. gxh5 Qxh5 35. d6 Ra6 36. Nc2 Bf5 37. Qe2 Rd8 38. Ne3 Bd3
39. Rxd3 cxd3 40. Qxd3 Raxd6 41. Qxb5 Rd2 42. Nf1 Qh4 43. Nxd2 Qxe1+ 44.
Nf1 Bf6 45. Qc4 Bg5 46. Bh3 Rd2 47. Qg4 Rxb2 48. f4 exf4 49. Bg2 Qxc3 50.
Qf5 Qe1 51. Qc8+ Kg7 52. Qc5 Bf6 53. Kh1 Qh4+ 0-1

[Event "EuTCh w"]
[Site "Plovdiv BUL"]
[Date "2003.10.17"]
[Round "6"]
[White "Khurtsidze,N"]
[Black "Maric,A"]
[Result "0-1"]
[WhiteElo "2418"]
[BlackElo "2433"]
[EventDate "2003.10.10"]

1. d4 d5 2. c4 dxc4 3. Nf3 e6 4. e3 c5 5. Bxc4 Nf6 6. O-O a6 7. a4 Nc6 8.
Qe2 cxd4 9. Rd1 Be7 10. exd4 O-O 11. Nc3 Nd5 12. Bd3 Ncb4 13. Bb1 b6 14.
Qe4 f5 15. Qe2 Ra7 16. Nxd5 Nxd5 17. Ba2 Bf6 18. Bd2 Re8 19. b4 Rae7 20.
Bc4 Qd6 21. Ne5 Bb7 22. Bxa6 Bxa6 23. Qxa6 Bxe5 24. dxe5 Qxe5 25. a5 bxa5
26. bxa5 Qb8 27. Rdb1 Qa7 28. Qb5 Rc8 29. a6 Qd4 30. Qa5 Ra8 31. Rd1 Qc4
32. Be3 Nxe3 33. fxe3 Qc7 34. Qa2 Ra7 35. Rdc1 Qe5 36. Qe2 Red7 0-1

[Event "EuTCh w"]
[Site "Plovdiv BUL"]
[Date "2003.10.17"]
[Round "6"]
[White "Jackova,J"]
[Black "Yildiz,B"]
[Result "1-0"]
[WhiteElo "2319"]
[BlackElo "2131"]
[EventDate "2003.10.10"]

1. e4 c5 2. Nf3 d6 3. d4 cxd4 4. Nxd4 Nf6 5. Nc3 Nc6 6. Bc4 e6 7. Be3 Be7
8. Qe2 O-O 9. O-O-O d5 10. Bb3 Bb4 11. Ndb5 Na5 12. Bg5 Nxb3+ 13. axb3 a6
14. Nd4 Bxc3 15. bxc3 h6 16. Bxf6 Qxf6 17. e5 Qe7 18. Kb2 b5 19. g4 b4 20.
cxb4 Qxb4 21. g5 a5 22. gxh6 g6 23. Qf3 Qe7 24. Nc6 Qh4 25. Rd4 Qxh6 26.
Qf6 Re8 27. Ne7+ Rxe7 28. Qxe7 Ba6 29. Ra1 Rc8 30. Qh4 Qg7 31. Qf6 Be2 32.
Rxa5 Qf8 33. Ra7 Bh5 34. Qe7 Qg7 35. f4 Bg4 36. Rda4 Bf5 37. Ra8 Rxa8 38.
Rxa8+ Kh7 39. Qh4+ 1-0

[Event "EuTCh w"]
[Site "Plovdiv BUL"]
[Date "2003.10.17"]
[Round "6"]
[White "Cinar,N"]
[Black "Cedikova,K"]
[Result "0-1"]
[WhiteElo "2084"]
[BlackElo "2201"]
[EventDate "2003.10.10"]

1. e4 c5 2. Nf3 d6 3. d4 cxd4 4. Nxd4 Nf6 5. Nc3 g6 6. Be2 Bg7 7. O-O O-O
8. Bg5 Nc6 9. Nb3 Be6 10. Kh1 a6 11. f4 b5 12. Bf3 Rc8 13. Nd5 Nd7 14. c3
f6 15. Bh4 Bf7 16. Bf2 e6 17. Ne3 Nb6 18. Qd2 Qc7 19. Rad1 Rfd8 20. Bg3 f5
21. exf5 gxf5 22. Bh4 Rd7 23. Qe2 Ne7 24. Bh5 Ng6 25. Bxg6 hxg6 26. Bg5 Nc4
27. Nxc4 Qxc4 28. Qf2 b4 29. cxb4 Qxb4 30. Rd3 e5 31. Rh3 Bd5 32. Bh6 Rdc7
33. Bxg7 Rxg7 34. fxe5 dxe5 35. Re1 Be4 36. Rd1 Qb7 37. Rg3 Rc2 38. Qf1 f4
39. Rd8+ Kf7 40. Na5 Qc7 41. Rd1 Qxa5 42. Rg5 Kf6 43. h4 Rh7 44. Rg4 Bxg2+
45. Rxg2 Rxh4+ 46. Kg1 Qb6+ 47. Qf2 Rxf2 48. Rxf2 Rh1+ 49. Kxh1 Qxf2 50.
Rd6+ Kf5 51. Rxa6 0-1

[Event "EuTCh w"]
[Site "Plovdiv BUL"]
[Date "2003.10.18"]
[Round "7"]
[White "Galliamova,A"]
[Black "Radziewicz,I"]
[Result "1-0"]
[WhiteElo "2502"]
[BlackElo "2423"]
[EventDate "2003.10.10"]

1. d4 Nf6 2. Nf3 c5 3. d5 g6 4. Nc3 Bg7 5. e4 O-O 6. Bc4 e5 7. d6 Nc6 8.
O-O a6 9. a4 b6 10. Bg5 h6 11. Bh4 Bb7 12. Ra3 Na5 13. Bd5 Bxd5 14. Nxd5
Nc4 15. Rb3 Rb8 16. Nxe5 Nxe5 17. f4 Neg4 18. e5 Nxd5 19. Bxd8 Nge3 20. Qf3
c4 21. Rxe3 Nxe3 22. Qxe3 Rfxd8 23. Qe4 Rdc8 24. f5 g5 25. f6 Bf8 26. h4
Re8 27. Qf5 gxh4 28. Rf4 b5 29. Rg4+ Kh8 30. Qh5 Rxe5 31. Qxe5 bxa4 32. Qd5
1-0

[Event "EuTCh w"]
[Site "Plovdiv BUL"]
[Date "2003.10.18"]
[Round "7"]
[White "Zhukova,N"]
[Black "Danielian,E"]
[Result "1/2-1/2"]
[WhiteElo "2452"]
[BlackElo "2400"]
[EventDate "2003.10.10"]

1. d4 d5 2. c4 dxc4 3. e3 e6 4. Bxc4 Nf6 5. Nf3 c5 6. O-O a6 7. Bd3 Nbd7 8.
Re1 b5 9. a4 bxa4 10. e4 cxd4 11. e5 Nd5 12. Rxa4 Bb4 13. Bd2 Bxd2 14.
Nbxd2 Nc5 15. Rxd4 Nxd3 16. Rxd3 O-O 17. Nc4 Bd7 18. Ra3 Qc7 19. Nd6 h6 20.
Qd2 Qb6 21. Nd4 Qb4 22. Qxb4 Nxb4 23. Rc1 Nd5 24. Rca1 Nb4 25. Rc1 Nd5 26.
Nb3 Rfb8 27. Nc5 Bb5 28. h3 Nf4 29. Kh2 Ng6 30. Re3 Rb6 31. g3 Bc6 32. b3
Bd5 33. f4 Ne7 34. Ra1 a5 35. h4 Nc6 36. Rd1 Rb4 37. Red3 Rb6 38. Re3 Rb4
39. Red3 Rb6 40. Rc3 Nb4 41. Na4 Rc6 42. Rxc6 Bxc6 43. Nb6 Rb8 44. Ndc4 Nd5
45. Nxd5 Bxd5 46. Nxa5 Rb5 47. Ra1 Bxb3 48. Nxb3 Rxb3 49. Ra8+ Kh7 50. Rf8
Rb7 51. h5 g6 52. hxg6+ Kxg6 53. Kh3 Rb3 54. Kg4 Ra3 55. Rb8 Rc3 56. Rb6
Kg7 57. Kh4 Ra3 58. Rb4 Rc3 59. Kg4 1/2-1/2

[Event "EuTCh w"]
[Site "Plovdiv BUL"]
[Date "2003.10.18"]
[Round "7"]
[White "Mkrtchian,L"]
[Black "Gaponenko,I"]
[Result "1/2-1/2"]
[WhiteElo "2413"]
[BlackElo "2409"]
[EventDate "2003.10.10"]

1. e4 c5 2. Nf3 d6 3. d4 cxd4 4. Nxd4 Nf6 5. Nc3 g6 6. Be3 Bg7 7. f3 Nc6 8.
Bc4 O-O 9. Qd2 Bd7 10. O-O-O Qa5 11. Kb1 Rfc8 12. Bb3 Ne5 13. h4 Nc4 14.
Bxc4 Rxc4 15. Nb3 Qc7 16. Bd4 Be6 17. g4 a5 18. a4 b5 19. Nxb5 Qb7 20. g5
Nh5 21. Bxg7 Kxg7 22. Nc3 Rb4 23. Rh2 Rb8 24. Rf2 Bxb3 25. cxb3 Rxb3 26.
Nb5 Rb4 27. Qc3+ Kg8 28. Rd4 Rc8 29. Qd2 Rxd4 30. Qxd4 Qc6 31. Qc3 Qxc3 32.
Nxc3 Nf4 33. Rc2 Rc5 34. Nd5 Ne6 35. Nxe7+ Kg7 36. Nc6 h6 37. Rxc5 dxc5 38.
Nxa5 hxg5 39. hxg5 Nxg5 40. Nb7 Nxf3 41. a5 Nd4 42. a6 Nb5 43. Nxc5 Kf6 44.
Kc2 Ke5 45. Kd3 Kd6 46. Kc4 Kc6 47. e5 g5 48. b4 g4 49. Ne4 Kb6 50. Kd3 Nc7
51. a7 Kxa7 52. Nd6 Nd5 53. b5 Kb6 54. Ke4 Nc3+ 55. Kf4 Nxb5 56. Nxf7 Kc7
57. Kxg4 Kd7 58. Kf5 Ke7 59. Nh6 Nd6+ 60. Kf4 Nc4 61. Nf5+ Ke6 1/2-1/2